[Event "Gothenburg"]
[Site "Gothenburg"]
[Date "1993.??.??"]
[Round "1"]
[White "Bus, Mariusz"]
[Black "Svensson, Bengt"]
[Result "1/2-1/2"]
[WhiteElo "2380"]
[BlackElo "2380"]
[PlyCount "65"]
[EventDate "1993.??.??"]
[EventType "tourn"]
[EventRounds "9"]
[EventCountry "SWE"]
[SourceTitle "EXT 1998"]
[Source "ChessBase"]
[SourceDate "1997.11.17"]
[SourceVersion "1"]
[SourceVersionDate "1997.11.17"]
[SourceQuality "1"]

1. e4 c5 2. Nc3 Nc6 3. Nf3 d6 4. d4 cxd4 5. Nxd4 e6 6. g3 a6 7. Bg2 Nge7 8.
Nde2 Ng6 9. O-O Be7 10. h3 O-O 11. Be3 b5 12. Qd2 Qc7 13. f4 Bd7 14. h4 Rfe8
15. Rad1 Nf8 16. a3 Rab8 17. Kh1 Rec8 18. h5 a5 19. h6 g6 20. Qd3 b4 21. Nb5
Ne5 22. Nxc7 Nxd3 23. cxd3 Rxc7 24. axb4 Rxb4 25. Rd2 Bf6 26. d4 a4 27. e5 Be7
28. d5 exd5 29. Nc3 Be6 30. Nxd5 Bxd5 31. Bxd5 dxe5 32. fxe5 Ne6 33. Kg2
1/2-1/2

[Event "Gothenburg"]
[Site "Gothenburg"]
[Date "1993.??.??"]
[Round "1"]
[White "Holzke, Frank"]
[Black "Winsnes, Rikard"]
[Result "1-0"]
[WhiteElo "2380"]
[BlackElo "2395"]
[PlyCount "63"]
[EventDate "1993.??.??"]
[EventType "tourn"]
[EventRounds "9"]
[EventCountry "SWE"]
[SourceTitle "EXT 1998"]
[Source "ChessBase"]
[SourceDate "1997.11.17"]
[SourceVersion "1"]
[SourceVersionDate "1997.11.17"]
[SourceQuality "1"]

1. e4 c5 2. Nf3 Nc6 3. d4 cxd4 4. Nxd4 Nf6 5. Nc3 d6 6. Bg5 e6 7. Qd2 Be7 8.
O-O-O O-O 9. Nb3 Qb6 10. f3 Rd8 11. Be3 Qc7 12. Qf2 d5 13. exd5 Nxd5 14. Nxd5
Rxd5 15. Rxd5 exd5 16. Bb5 Na5 17. Bd3 Nxb3+ 18. axb3 Bf6 19. f4 Bd7 20. Bd4
Bxd4 21. Qxd4 Qa5 22. Rf1 Bf5 23. b4 Qa4 24. b3 Qa3+ 25. Kd2 Bxd3 26. Ra1 Qxa1
27. Qxa1 Be4 28. Qe5 Rc8 29. c4 Bxg2 30. cxd5 g6 31. d6 Bc6 32. b5 1-0

[Event "Gothenburg"]
[Site "Gothenburg"]
[Date "1993.??.??"]
[Round "1"]
[White "Moberg, Karl Johan"]
[Black "Jelling, Erik"]
[Result "1/2-1/2"]
[WhiteElo "2300"]
[BlackElo "2400"]
[PlyCount "81"]
[EventDate "1993.??.??"]
[EventType "tourn"]
[EventRounds "9"]
[EventCountry "SWE"]
[SourceTitle "EXT 1998"]
[Source "ChessBase"]
[SourceDate "1997.11.17"]
[SourceVersion "1"]
[SourceVersionDate "1997.11.17"]
[SourceQuality "1"]

1. e4 c6 2. d4 d5 3. Nd2 dxe4 4. Nxe4 Bf5 5. Ng3 Bg6 6. h4 h6 7. h5 Bh7 8. f4
Qc7 9. Bd3 Bxd3 10. Qxd3 Nd7 11. Nf3 O-O-O 12. Bd2 e6 13. Qe2 Ngf6 14. O-O-O c5
15. Ne5 Nb6 16. dxc5 Bxc5 17. Kb1 Bd4 18. Nf3 Bc5 19. Ne4 Nxe4 20. Qxe4 Nd5 21.
g3 Rhe8 22. c4 f5 23. Qc2 Nf6 24. Bc3 Ne4 25. Be5 Qe7 26. Qg2 Rxd1+ 27. Rxd1
Rd8 28. Rxd8+ Qxd8 29. Qc2 Qd7 30. a3 Nxg3 31. b4 Bd6 32. c5 Bc7 33. Bxc7 Qxc7
34. Ne5 Nxh5 35. Qc4 Qe7 36. c6 Qd6 37. cxb7+ Kxb7 38. Qb5+ Kc7 39. Qc4+ Kb7
40. Qb5+ Kc7 41. Qc4+ 1/2-1/2

[Event "Gothenburg"]
[Site "Gothenburg"]
[Date "1993.??.??"]
[Round "1"]
[White "Turner, Matthew"]
[Black "Grabarczyk, Miroslaw"]
[Result "1-0"]
[WhiteElo "2370"]
[BlackElo "2455"]
[PlyCount "111"]
[EventDate "1993.??.??"]
[EventType "tourn"]
[EventRounds "9"]
[EventCountry "SWE"]
[SourceTitle "EXT 1998"]
[Source "ChessBase"]
[SourceDate "1997.11.17"]
[SourceVersion "1"]
[SourceVersionDate "1997.11.17"]
[SourceQuality "1"]

1. e4 c6 2. c4 d5 3. exd5 cxd5 4. cxd5 Nf6 5. Bb5+ Nbd7 6. Nc3 a6 7. Qa4 g6 8.
Nf3 Bg7 9. O-O O-O 10. Bxd7 Nxd7 11. Qh4 Nf6 12. d4 Nxd5 13. Nxd5 Qxd5 14. Bh6
Bf6 15. Bg5 Qf5 16. Rac1 Be6 17. Rc5 Bd5 18. Bxf6 exf6 19. Ne5 fxe5 20. Rxd5
Qc2 21. dxe5 Qxb2 22. e6 fxe6 23. Rd7 Rf7 24. Rxf7 Kxf7 25. Qxh7+ Qg7 26. Qh3
Qe5 27. Qf3+ Kg8 28. Qxb7 Qd5 29. Qxd5 exd5 30. Rd1 Rc8 31. h4 Rc5 32. Rd3 Kf7
33. Kf1 Ke6 34. Ke2 a5 35. Kd2 Rc4 36. g3 a4 37. Rc3 Rd4+ 38. Ke3 Re4+ 39. Kd3
Kd6 40. Rc8 Rb4 41. Ra8 Ke5 42. f3 Rd4+ 43. Ke3 Rc4 44. Re8+ Kf6 45. Kd3 Rb4
46. Ra8 Ke5 47. Ra5 Rd4+ 48. Ke3 Rc4 49. f4+ Ke6 50. Kd3 Rb4 51. Ra6+ Kf5 52.
Rd6 Rb5 53. Kd4 Rb4+ 54. Ke3 Rc4 55. Rxd5+ Kf6 56. g4 1-0

[Event "Gothenburg"]
[Site "Gothenburg"]
[Date "1993.??.??"]
[Round "1"]
[White "Zhuravliov, Valery I"]
[Black "Kretz, Johan"]
[Result "1-0"]
[WhiteElo "2485"]
[BlackElo "2195"]
[PlyCount "55"]
[EventDate "1993.??.??"]
[EventType "tourn"]
[EventRounds "9"]
[EventCountry "SWE"]
[SourceTitle "EXT 1998"]
[Source "ChessBase"]
[SourceDate "1997.11.17"]
[SourceVersion "1"]
[SourceVersionDate "1997.11.17"]
[SourceQuality "1"]

1. e4 e6 2. d4 d5 3. e5 c5 4. c3 Nc6 5. Nf3 Bd7 6. Be2 Nge7 7. b3 cxd4 8. cxd4
Nf5 9. O-O Qb6 10. Bb2 a5 11. a3 Be7 12. Kh1 O-O 13. Nc3 f6 14. Na4 Qd8 15. Rc1
fxe5 16. dxe5 b6 17. Bd3 Rc8 18. Qe2 Be8 19. h3 Nh4 20. Nxh4 Bxh4 21. Qg4 Kh8
22. Qxe6 Bf7 23. Qd6 Qxd6 24. exd6 Be8 25. Bb5 Bd8 26. Rc2 Bd7 27. Rfc1 Bg5 28.
Rd1 1-0

[Event "Gothenburg"]
[Site "Gothenburg"]
[Date "1993.??.??"]
[Round "2"]
[White "Bus, Mariusz"]
[Black "Holzke, Frank"]
[Result "1-0"]
[WhiteElo "2380"]
[BlackElo "2380"]
[PlyCount "51"]
[EventDate "1993.??.??"]
[EventType "tourn"]
[EventRounds "9"]
[EventCountry "SWE"]
[SourceTitle "EXT 1998"]
[Source "ChessBase"]
[SourceDate "1997.11.17"]
[SourceVersion "1"]
[SourceVersionDate "1997.11.17"]
[SourceQuality "1"]

1. e4 e6 2. d4 d5 3. exd5 exd5 4. Nf3 Bd6 5. c4 Nf6 6. c5 Be7 7. Bd3 b6 8. Qc2
bxc5 9. dxc5 O-O 10. Be3 Ba6 11. O-O Bxd3 12. Qxd3 c6 13. Nbd2 Nbd7 14. b4 a5
15. a3 Qb8 16. Rab1 axb4 17. axb4 Ng4 18. Bd4 Qf4 19. Rfe1 Bf6 20. Bxf6 Qxf6
21. Qd4 Qxd4 22. Nxd4 Ra2 23. N2f3 Rc8 24. Nf5 Kf8 25. Ng5 Ngf6 26. Re7 1-0

[Event "Gothenburg"]
[Site "Gothenburg"]
[Date "1993.??.??"]
[Round "2"]
[White "Kretz, Johan"]
[Black "Moberg, Karl Johan"]
[Result "0-1"]
[WhiteElo "2195"]
[BlackElo "2300"]
[PlyCount "66"]
[EventDate "1993.??.??"]
[EventType "tourn"]
[EventRounds "9"]
[EventCountry "SWE"]
[SourceTitle "EXT 1998"]
[Source "ChessBase"]
[SourceDate "1997.11.17"]
[SourceVersion "1"]
[SourceVersionDate "1997.11.17"]
[SourceQuality "1"]

1. d4 d5 2. Nf3 Nc6 3. g3 Bg4 4. Bg2 Nf6 5. O-O Bxf3 6. Bxf3 e5 7. dxe5 Nxe5 8.
Bg2 Bc5 9. b3 Qe7 10. Bb2 O-O-O 11. Bd4 h5 12. e3 Kb8 13. Nd2 h4 14. Qe2 hxg3
15. hxg3 Rh6 16. c4 dxc4 17. Bxe5 Qxe5 18. Nxc4 Qe6 19. Rfd1 Rdh8 20. Qf3 Qc8
21. Ne5 Rh5 22. Nd7+ Nxd7 23. Rxd7 f6 24. Rad1 c6 25. Qf4+ Re5 26. b4 Bb6 27.
b5 g5 28. Qxf6 Rxb5 29. Rg7 Rf5 30. Qe7 Re8 31. Qd6+ Bc7 32. Qb4 Rb5 33. Qc3
Be5 0-1

[Event "Gothenburg"]
[Site "Gothenburg"]
[Date "1993.??.??"]
[Round "2"]
[White "Svensson, Bengt"]
[Black "Jelling, Erik"]
[Result "1/2-1/2"]
[WhiteElo "2380"]
[BlackElo "2400"]
[PlyCount "72"]
[EventDate "1993.??.??"]
[EventType "tourn"]
[EventRounds "9"]
[EventCountry "SWE"]
[SourceTitle "EXT 1998"]
[Source "ChessBase"]
[SourceDate "1997.11.17"]
[SourceVersion "1"]
[SourceVersionDate "1997.11.17"]
[SourceQuality "1"]

1. e4 c6 2. d4 d5 3. exd5 cxd5 4. c4 Nf6 5. Nc3 e6 6. Nf3 Be7 7. cxd5 Nxd5 8.
Bd3 Nc6 9. O-O O-O 10. Re1 Qd6 11. a3 Rd8 12. Qc2 h6 13. Be3 Bd7 14. Nxd5 Qxd5
15. Be4 Qh5 16. Ne5 Rac8 17. Qb3 Na5 18. Qd3 Bc6 19. Nxc6 Nxc6 20. Rac1 Qa5 21.
Red1 f5 22. Bxc6 bxc6 23. Qc4 Qd5 24. Qxd5 Rxd5 25. Re1 Kf7 26. Rc4 Rb5 27. Re2
a5 28. Kf1 Bd6 29. Rec2 Ke7 30. h3 Kd7 31. f3 Rd5 32. Ke2 Rb5 33. Kd1 Rb3 34.
Bd2 Rb5 35. Be3 Rb3 36. Bd2 Rb5 1/2-1/2

[Event "Gothenburg"]
[Site "Gothenburg"]
[Date "1993.??.??"]
[Round "2"]
[White "Winsnes, Rikard"]
[Black "Turner, Matthew"]
[Result "1-0"]
[WhiteElo "2395"]
[BlackElo "2370"]
[PlyCount "77"]
[EventDate "1993.??.??"]
[EventType "tourn"]
[EventRounds "9"]
[EventCountry "SWE"]
[SourceTitle "EXT 1998"]
[Source "ChessBase"]
[SourceDate "1997.11.17"]
[SourceVersion "1"]
[SourceVersionDate "1997.11.17"]
[SourceQuality "1"]

1. e4 c5 2. Nf3 Nc6 3. d4 cxd4 4. Nxd4 g6 5. c4 Bg7 6. Be3 Nf6 7. Nc3 O-O 8.
Be2 d6 9. O-O Bd7 10. Qd2 Nxd4 11. Bxd4 Bc6 12. f3 Nd7 13. Bf2 a6 14. b4 b5 15.
cxb5 Bxb5 16. Nxb5 Bxa1 17. Rxa1 axb5 18. Bxb5 Ne5 19. a4 Qb8 20. Bf1 Rc8 21.
b5 Nc4 22. Qb4 Na5 23. b6 Qb7 24. Qb5 Rc2 25. Rb1 e6 26. Rd1 Qe7 27. Qb4 Nb7
28. e5 Qd7 29. Bb5 Qc8 30. exd6 Rc1 31. Qd2 Rxd1+ 32. Qxd1 Qc3 33. d7 Rd8 34.
h3 Nc5 35. Bd4 Qb4 36. Bf6 Rxd7 37. Bxd7 Qxb6 38. Kh1 e5 39. Bc6 1-0

[Event "Gothenburg"]
[Site "Gothenburg"]
[Date "1993.??.??"]
[Round "3"]
[White "Holzke, Frank"]
[Black "Svensson, Bengt"]
[Result "1-0"]
[WhiteElo "2380"]
[BlackElo "2380"]
[PlyCount "41"]
[EventDate "1993.??.??"]
[EventType "tourn"]
[EventRounds "9"]
[EventCountry "SWE"]
[SourceTitle "EXT 1998"]
[Source "ChessBase"]
[SourceDate "1997.11.17"]
[SourceVersion "1"]
[SourceVersionDate "1997.11.17"]
[SourceQuality "1"]

1. e4 c5 2. Nf3 e6 3. d4 cxd4 4. Nxd4 Nf6 5. Nc3 Qb6 6. e5 Bc5 7. Be3 Nd5 8.
Nxd5 exd5 9. Be2 Nc6 10. c3 Bxd4 11. cxd4 Qxb2 12. O-O O-O 13. Bd3 Qa3 14. Bg5
d6 15. Bf6 gxf6 16. exf6 Rd8 17. Qd2 Kf8 18. Rae1 Be6 19. Rxe6 fxe6 20. Qh6+
Ke8 21. Qg7 1-0

[Event "Gothenburg"]
[Site "Gothenburg"]
[Date "1993.??.??"]
[Round "3"]
[White "Jelling, Erik"]
[Black "Kretz, Johan"]
[Result "1-0"]
[WhiteElo "2400"]
[BlackElo "2195"]
[PlyCount "83"]
[EventDate "1993.??.??"]
[EventType "tourn"]
[EventRounds "9"]
[EventCountry "SWE"]
[SourceTitle "EXT 1998"]
[Source "ChessBase"]
[SourceDate "1997.11.17"]
[SourceVersion "1"]
[SourceVersionDate "1997.11.17"]
[SourceQuality "1"]

1. d4 e6 2. c4 Nf6 3. Nc3 Bb4 4. e3 b6 5. Nge2 Ba6 6. a3 Be7 7. Ng3 Nc6 8. b4
Bb7 9. d5 exd5 10. cxd5 Ne5 11. Nf5 O-O 12. Be2 a5 13. Rb1 Re8 14. e4 d6 15.
O-O Bf8 16. f4 Ng6 17. Bf3 axb4 18. axb4 c6 19. dxc6 Bxc6 20. Qd3 Qd7 21. g3
Rad8 22. Bb2 b5 23. Nd5 Bxd5 24. exd5 Rb8 25. Bd4 Ne7 26. Ne3 Qb7 27. Rf2 Nd7
28. Ra2 Ra8 29. Rba1 Rxa2 30. Rxa2 Rc8 31. Ra7 Rc1+ 32. Kg2 Qc8 33. Qxb5 Nf6
34. Qd3 h5 35. b5 Nexd5 36. Nxd5 Nxd5 37. Bxd5 Rc2+ 38. Kf1 Rxh2 39. Kg1 Rc2
40. Rxf7 Rc1+ 41. Kg2 Rc2+ 42. Bf2 1-0

[Event "Gothenburg"]
[Site "Gothenburg"]
[Date "1993.??.??"]
[Round "3"]
[White "Moberg, Karl Johan"]
[Black "Grabarczyk, Miroslaw"]
[Result "0-1"]
[WhiteElo "2300"]
[BlackElo "2455"]
[PlyCount "112"]
[EventDate "1993.??.??"]
[EventType "tourn"]
[EventRounds "9"]
[EventCountry "SWE"]
[SourceTitle "EXT 1998"]
[Source "ChessBase"]
[SourceDate "1997.11.17"]
[SourceVersion "1"]
[SourceVersionDate "1997.11.17"]
[SourceQuality "1"]

1. e4 e5 2. Nf3 Nc6 3. Bb5 Nf6 4. d3 d6 5. c3 Bd7 6. Nbd2 g6 7. Nf1 h6 8. Be3
Bg7 9. Qc1 Qe7 10. Ng3 Nd8 11. Bxd7+ Nxd7 12. O-O h5 13. h3 Ne6 14. Nh2 c6 15.
f4 exf4 16. Bxf4 Ne5 17. Rd1 Qh4 18. Ne2 Nxf4 19. Qxf4 Qxf4 20. Nxf4 Bh6 21.
Ne2 O-O 22. Nd4 Rae8 23. Ndf3 f5 24. Nxe5 Rxe5 25. Nf3 Ree8 26. Re1 fxe4 27.
dxe4 Rf6 28. Rad1 Bf4 29. Kf2 h4 30. Re2 g5 31. Kf1 Rfe6 32. Rde1 Kh7 33. Nd4
Rf6 34. Nf3 Kg6 35. c4 Bg3 36. Rd1 Rfe6 37. Rd4 Bf4 38. b4 b6 39. Nd2 c5 40.
bxc5 dxc5 41. Rd7 Bxd2 42. Rexd2 Rf6+ 43. Rf2 Rxe4 44. Rxa7 Rxc4 45. Rxf6+ Kxf6
46. a4 Ke5 47. a5 bxa5 48. Rxa5 Rc2 49. Ra8 c4 50. Ra5+ Kf4 51. Kg1 c3 52. Rc5
Ke3 53. Kh2 Kd4 54. Rxg5 Rd2 55. Rg4+ Kd3 56. Rxh4 c2 0-1

[Event "Gothenburg"]
[Site "Gothenburg"]
[Date "1993.??.??"]
[Round "3"]
[White "Turner, Matthew"]
[Black "Bus, Mariusz"]
[Result "1-0"]
[WhiteElo "2370"]
[BlackElo "2380"]
[PlyCount "71"]
[EventDate "1993.??.??"]
[EventType "tourn"]
[EventRounds "9"]
[EventCountry "SWE"]
[SourceTitle "EXT 1998"]
[Source "ChessBase"]
[SourceDate "1997.11.17"]
[SourceVersion "1"]
[SourceVersionDate "1997.11.17"]
[SourceQuality "1"]

1. e4 e6 2. Qe2 c5 3. g3 Nc6 4. Nf3 d6 5. Bg2 Nf6 6. O-O Be7 7. c3 e5 8. d3 O-O
9. Nbd2 Re8 10. a3 a6 11. Rd1 Bf8 12. Nf1 d5 13. exd5 Nxd5 14. Ne3 Nf4 15. gxf4
exf4 16. d4 fxe3 17. Bxe3 Bg4 18. Qc2 h6 19. d5 Ne5 20. Nxe5 Rxe5 21. Rd2 Bd6
22. Bf4 Rh5 23. Bg3 Qd7 24. Re1 Bxg3 25. fxg3 Bf5 26. Qd1 Bg4 27. Bf3 Bxf3 28.
Qxf3 Rf5 29. Qe4 Rd8 30. c4 b5 31. b3 Rf6 32. Qe7 Rf3 33. Rf2 Rxf2 34. Qxd7
Rxd7 35. Re8+ Kh7 36. Kxf2 1-0

[Event "Gothenburg"]
[Site "Gothenburg"]
[Date "1993.??.??"]
[Round "3"]
[White "Zhuravliov, Valery I"]
[Black "Winsnes, Rikard"]
[Result "1-0"]
[WhiteElo "2485"]
[BlackElo "2395"]
[PlyCount "69"]
[EventDate "1993.??.??"]
[EventType "tourn"]
[EventRounds "9"]
[EventCountry "SWE"]
[SourceTitle "EXT 1998"]
[Source "ChessBase"]
[SourceDate "1997.11.17"]
[SourceVersion "1"]
[SourceVersionDate "1997.11.17"]
[SourceQuality "1"]

1. e4 e6 2. Nc3 d5 3. Nf3 Nf6 4. e5 Nfd7 5. d4 c5 6. dxc5 Nc6 7. Bf4 Be7 8. Bd3
g5 9. Bg3 g4 10. Nd2 Ndxe5 11. Bb5 Bf6 12. Qe2 Ng6 13. Nb3 O-O 14. Bd6 Re8 15.
Qxg4 e5 16. Qd1 Nf4 17. O-O Be6 18. Ne2 Nxe2+ 19. Qxe2 Bd7 20. c3 a6 21. Ba4
Bf5 22. Nd2 e4 23. Qh5 Qd7 24. h3 Kh8 25. Qh6 Bg7 26. Qf4 Rg8 27. Kh1 Qe6 28.
g4 Bg6 29. Bxc6 bxc6 30. Nb3 e3 31. Qxe3 Qf6 32. Qf4 Qh4 33. Qg3 Qf6 34. Nd4
Rae8 35. g5 1-0

[Event "Gothenburg"]
[Site "Gothenburg"]
[Date "1993.??.??"]
[Round "4"]
[White "Bus, Mariusz"]
[Black "Zhuravliov, Valery I"]
[Result "1/2-1/2"]
[WhiteElo "2380"]
[BlackElo "2485"]
[PlyCount "86"]
[EventDate "1993.??.??"]
[EventType "tourn"]
[EventRounds "9"]
[EventCountry "SWE"]
[SourceTitle "EXT 1998"]
[Source "ChessBase"]
[SourceDate "1997.11.17"]
[SourceVersion "1"]
[SourceVersionDate "1997.11.17"]
[SourceQuality "1"]

1. e4 c6 2. c4 d5 3. cxd5 cxd5 4. exd5 Nf6 5. Nc3 Nxd5 6. Nf3 Nc6 7. Qa4 Nb6 8.
Qe4 e6 9. d4 Be7 10. Bd3 Nb4 11. Bb5+ Bd7 12. Bxd7+ Qxd7 13. O-O N4d5 14. Bg5
Bxg5 15. Nxg5 h6 16. Nxd5 Qxd5 17. Qxd5 Nxd5 18. Ne4 Ke7 19. Rfc1 Rac8 20. Kf1
b6 21. g3 Rhd8 22. Ke2 Nb4 23. Rxc8 Rxc8 24. Nc3 Rd8 25. Rd1 g5 26. Rd2 g4 27.
f3 h5 28. a3 Nd5 29. fxg4 hxg4 30. Kd3 f5 31. Re2 Nf6 32. Nb5 Rd7 33. a4 Ne4
34. Ke3 Kf6 35. Rc2 Rh7 36. Nc7 Ng5 37. d5 exd5 38. Nxd5+ Ke5 39. Nf4 Kd6 40.
Rd2+ Kc6 41. Rc2+ Kd6 42. Rd2+ Kc6 43. Rc2+ Kd6 1/2-1/2

[Event "Gothenburg"]
[Site "Gothenburg"]
[Date "1993.??.??"]
[Round "4"]
[White "Grabarczyk, Miroslaw"]
[Black "Jelling, Erik"]
[Result "1/2-1/2"]
[WhiteElo "2455"]
[BlackElo "2400"]
[PlyCount "47"]
[EventDate "1993.??.??"]
[EventType "tourn"]
[EventRounds "9"]
[EventCountry "SWE"]
[SourceTitle "EXT 1998"]
[Source "ChessBase"]
[SourceDate "1997.11.17"]
[SourceVersion "1"]
[SourceVersionDate "1997.11.17"]
[SourceQuality "1"]

1. d4 d5 2. c4 c6 3. Nf3 Nf6 4. cxd5 cxd5 5. Nc3 Nc6 6. Bf4 e6 7. e3 Be7 8. Bd3
a6 9. Rc1 O-O 10. O-O Nh5 11. Be5 f6 12. Bg3 Nxg3 13. hxg3 f5 14. Na4 Bd6 15.
Nc5 g5 16. Qb3 g4 17. Ne1 Rf6 18. Be2 Rh6 19. Ned3 Qe8 20. f4 gxf3 21. Rxf3 Qd8
22. Nf4 Na5 23. Qc3 b6 24. Nb3 1/2-1/2

[Event "Gothenburg"]
[Site "Gothenburg"]
[Date "1993.??.??"]
[Round "4"]
[White "Holzke, Frank"]
[Black "Turner, Matthew"]
[Result "0-1"]
[WhiteElo "2380"]
[BlackElo "2370"]
[PlyCount "48"]
[EventDate "1993.??.??"]
[EventType "tourn"]
[EventRounds "9"]
[EventCountry "SWE"]
[SourceTitle "EXT 1998"]
[Source "ChessBase"]
[SourceDate "1997.11.17"]
[SourceVersion "1"]
[SourceVersionDate "1997.11.17"]
[SourceQuality "1"]

1. e4 c5 2. Nf3 Nc6 3. d4 cxd4 4. Nxd4 g6 5. c4 Nf6 6. Nc3 Nxd4 7. Qxd4 d6 8.
Be2 Bg7 9. Bg5 O-O 10. Qd2 Be6 11. Rc1 Qa5 12. O-O Rfc8 13. b3 a6 14. f4 Rc5
15. Qe3 Re8 16. f5 gxf5 17. Nd5 Rcc8 18. b4 Qxa2 19. Nc3 Qb2 20. exf5 Bxc4 21.
Rb1 Qa3 22. Ra1 Qxb4 23. Ra4 Qb3 24. Rb1 Nd5 0-1

[Event "Gothenburg"]
[Site "Gothenburg"]
[Date "1993.??.??"]
[Round "4"]
[White "Svensson, Bengt"]
[Black "Kretz, Johan"]
[Result "1/2-1/2"]
[WhiteElo "2380"]
[BlackElo "2195"]
[PlyCount "70"]
[EventDate "1993.??.??"]
[EventType "tourn"]
[EventRounds "9"]
[EventCountry "SWE"]
[SourceTitle "EXT 1998"]
[Source "ChessBase"]
[SourceDate "1997.11.17"]
[SourceVersion "1"]
[SourceVersionDate "1997.11.17"]
[SourceQuality "1"]

1. d4 e6 2. Nf3 Nf6 3. e3 c5 4. Bd3 d5 5. b3 Nbd7 6. O-O Bd6 7. Bb2 Qc7 8. Nbd2
e5 9. dxe5 Nxe5 10. Nxe5 Bxe5 11. Bb5+ Ke7 12. Bxe5 Qxe5 13. Nf3 Qc7 14. Be2
Rd8 15. c3 Bf5 16. b4 b6 17. Rc1 Kf8 18. h3 a5 19. bxc5 bxc5 20. Qa4 Rab8 21.
Qa3 Kg8 22. c4 d4 23. exd4 cxd4 24. Rfd1 Qf4 25. Bd3 Bxd3 26. Rxd3 h6 27. Rcd1
Ne4 28. Qxa5 Ra8 29. Qe1 Rxa2 30. Rxd4 Rxd4 31. Rxd4 f5 32. Qb1 Rxf2 33. Rxe4
fxe4 34. Kxf2 exf3 35. gxf3 Qd4+ 1/2-1/2

[Event "Gothenburg"]
[Site "Gothenburg"]
[Date "1993.??.??"]
[Round "5"]
[White "Jelling, Erik"]
[Black "Winsnes, Rikard"]
[Result "1/2-1/2"]
[WhiteElo "2400"]
[BlackElo "2395"]
[PlyCount "74"]
[EventDate "1993.??.??"]
[EventType "tourn"]
[EventRounds "9"]
[EventCountry "SWE"]
[SourceTitle "EXT 1998"]
[Source "ChessBase"]
[SourceDate "1997.11.17"]
[SourceVersion "1"]
[SourceVersionDate "1997.11.17"]
[SourceQuality "1"]

1. d4 Nf6 2. c4 g6 3. g3 Bg7 4. Bg2 O-O 5. Nc3 d6 6. Nf3 Nc6 7. d5 Na5 8. Nd2
c6 9. O-O cxd5 10. cxd5 Bd7 11. h3 Rc8 12. e4 b5 13. Nb3 b4 14. Ne2 Ba4 15. Be3
Nd7 16. Bd4 Bxd4 17. Nexd4 Nc5 18. Qf3 Nc4 19. Qe2 Qb6 20. Nxc5 Qxc5 21. Nf3
Ne5 22. Nxe5 dxe5 23. Qd2 Qb6 24. Rfc1 Bd7 25. h4 Kg7 26. Bf1 h6 27. Bc4 Rc7
28. b3 Rfc8 29. Kg2 Bb5 30. Qxb4 Bxc4 31. Qxb6 axb6 32. bxc4 Rxc4 33. Rxc4 Rxc4
34. Kf3 Rc3+ 35. Kg2 Rc4 36. Kf3 Rc3+ 37. Kg2 Rc4 1/2-1/2

[Event "Gothenburg"]
[Site "Gothenburg"]
[Date "1993.??.??"]
[Round "5"]
[White "Kretz, Johan"]
[Black "Grabarczyk, Miroslaw"]
[Result "0-1"]
[WhiteElo "2195"]
[BlackElo "2455"]
[PlyCount "58"]
[EventDate "1993.??.??"]
[EventType "tourn"]
[EventRounds "9"]
[EventCountry "SWE"]
[SourceTitle "EXT 1998"]
[Source "ChessBase"]
[SourceDate "1997.11.17"]
[SourceVersion "1"]
[SourceVersionDate "1997.11.17"]
[SourceQuality "1"]

1. d4 Nf6 2. c4 c5 3. d5 e5 4. Nc3 d6 5. e4 Be7 6. Be2 Nbd7 7. Nf3 O-O 8. a3 a6
9. O-O Nh5 10. Nxe5 Nxe5 11. Bxh5 Nxc4 12. Be2 Nb6 13. f4 Bf6 14. a4 Bd4+ 15.
Kh1 Re8 16. a5 Nd7 17. Bf3 b5 18. axb6 Qxb6 19. Ra3 Rb8 20. Qc2 Nf6 21. Na4 Qd8
22. b3 Ng4 23. Bxg4 Bxg4 24. Nb2 f5 25. Nc4 Rxe4 26. Rxa6 Be2 27. Rxd6 Qh4 28.
Nd2 Bxf1 29. Nxe4 Qe1 0-1

[Event "Gothenburg"]
[Site "Gothenburg"]
[Date "1993.??.??"]
[Round "5"]
[White "Moberg, Karl Johan"]
[Black "Bus, Mariusz"]
[Result "1-0"]
[WhiteElo "2300"]
[BlackElo "2380"]
[PlyCount "103"]
[EventDate "1993.??.??"]
[EventType "tourn"]
[EventRounds "9"]
[EventCountry "SWE"]
[SourceTitle "EXT 1998"]
[Source "ChessBase"]
[SourceDate "1997.11.17"]
[SourceVersion "1"]
[SourceVersionDate "1997.11.17"]
[SourceQuality "1"]

1. e4 Nf6 2. e5 Nd5 3. d4 d6 4. Nf3 dxe5 5. Nxe5 g6 6. Bc4 c6 7. Nd2 Nd7 8. Nd3
Bg7 9. Nf3 O-O 10. O-O a5 11. a4 N7b6 12. Bb3 Bf5 13. Bg5 Nd7 14. Re1 Re8 15.
h3 N7f6 16. Bh4 h6 17. Nfe5 Nd7 18. Qf3 Nxe5 19. Nxe5 Bf6 20. g4 Bc8 21. Bg3
Rf8 22. Rad1 Kg7 23. Kg2 e6 24. Rh1 Bh4 25. c4 Nb4 26. Bxh4 Qxh4 27. Qe3 Qe7
28. Nf3 b6 29. Rhe1 Bb7 30. Qe5+ Kh7 31. Kg1 Rad8 32. Re3 Rd6 33. h4 Rfd8 34.
g5 h5 35. Qf4 Rf8 36. Nd2 f5 37. gxf6 Rxf6 38. Qg3 Rxd4 39. Ne4 Rxd1+ 40. Bxd1
Rf5 41. Ng5+ Kh6 42. Rxe6 Qd7 43. Rd6 Qe7 44. Ne4 Qe8 45. Qe3+ Kg7 46. Qc3+ Kh6
47. Qe3+ Kg7 48. Qc3+ Kh6 49. Qd2+ Kg7 50. Rd7+ Rf7 51. Qd4+ Kh6 52. Qe3+ 1-0

[Event "Gothenburg"]
[Site "Gothenburg"]
[Date "1993.??.??"]
[Round "5"]
[White "Turner, Matthew"]
[Black "Svensson, Bengt"]
[Result "1/2-1/2"]
[WhiteElo "2370"]
[BlackElo "2380"]
[PlyCount "65"]
[EventDate "1993.??.??"]
[EventType "tourn"]
[EventRounds "9"]
[EventCountry "SWE"]
[SourceTitle "EXT 1998"]
[Source "ChessBase"]
[SourceDate "1997.11.17"]
[SourceVersion "1"]
[SourceVersionDate "1997.11.17"]
[SourceQuality "1"]

1. e4 c5 2. Nf3 Nc6 3. Bb5 d6 4. O-O Bd7 5. c4 g6 6. Nc3 Bg7 7. Bxc6 bxc6 8.
Re1 e5 9. a3 a5 10. d3 Ne7 11. Rb1 O-O 12. b4 axb4 13. axb4 cxb4 14. Rxb4 Qc7
15. Qb3 Rfb8 16. Bg5 Be6 17. Bxe7 Rxb4 18. Qxb4 Qxe7 19. h3 Qc7 20. Rb1 h6 21.
Nd2 Bf8 22. Qb6 Qd7 23. Qb7 Ra1 24. Qxd7 Rxb1+ 25. Ndxb1 Bxd7 26. Nd2 f5 27. f3
Kf7 28. Kf2 Be7 29. Nb3 Ke6 30. Ke2 Be8 31. Kd2 Bg5+ 32. Ke2 Be7 33. Kd2
1/2-1/2